Miasta w Polsce zakończone na -aw na mapie - Statystyki

Ogólne statystyki
  • Ten quiz został rozwiązany 391 razy
  • Średni wynik to 4 z 8
Odpowiedzi na mapie
Odpowiedzi zakodowano w zielono-czerwonej skali na mapie do tego quizu, zgodnie z poniższymi procentami.
 
Statystyki odpowiedzi
Województwo Miasto % Poprawnych
Dolnośląskie Wrocław
98%
Kujawsko-pomorskie Inowrocław
76%
Podkarpackie Jarosław
62%
Lubelskie Krasnystaw
57%
Podkarpackie Przecław
32%
Pomorskie Nowy Staw
29%
Świętokrzyskie Wodzisław
28%
Wielkopolskie Miłosław
22%
Nie znaleziono quizów pasujących do podanych kryteriów
Rozkład punktacji
Procent ludzi z każdym wynikiem
Percentyl według liczby udzielonych odpowiedzi
Twoja historia wyników
Nie rozwiązałeś tego quizu